[Event "Challenge"]
[Site "http://www.queenalice.com/game.php?id=1820569"]
[Date "2023.9.9"]
[Round "-"]
[White "TheWatcher"]
[Black "swabeyd"]
[Result "0-1"]
[WhiteElo "2121"]
[BlackElo "2440"]

1. d4 d5 2. Nf3 Nf6 3. e3 c5 4. c3 e6 5. Nbd2 b6 6. Ne5 Nbd7 7. Bb5 Bd6 8. f4
O-O 9. Bd3 Bb7 10. Qf3 Rc8 11. g4 Bxe5 12. dxe5 c4 13. Bc2 d4 14. e4 d3 15. Bd1
Nxe4 16. h4 Nec5 17. Qh3 Bxh1 18. Qxh1 f6 19. b4 cxb3 20. axb3 a5 21. b4 axb4
22. Bb2 bxc3 23. Bxc3 fxe5 24. fxe5 Na6 25. Ra3 Rxc3 26. Rxc3 Nxe5 27. Ra3 Qd4
28. Bb3 Qxg4 29. Qh2 Nc5 30. Bd1 Qd4 31. Qg3 Ne4 32. Ra4 Nf3+ 0-1

[Event "Challenge"]
[Site "http://www.queenalice.com/game.php?id=1820570"]
[Date "2023.9.9"]
[Round "-"]
[White "swabeyd"]
[Black "TheWatcher"]
[Result "1-0"]
[WhiteElo "2438"]
[BlackElo "2124"]

1. d4 Nf6 2. Nf3 d5 3. e3 c5 4. c4 e6 5. cxd5 exd5 6. Be2 Nc6 7. O-O Be7 8. b3
Ne4 9. dxc5 Bf6 10. Nd4 O-O 11. Bb2 Bf5 12. Nc3 Bg6 13. Nxe4 Bxe4 14. Qd2 Qe7
15. b4 Ne5 16. Rac1 Rfd8 17. Nb5 Bf5 18. Nd6 Be6 19. f4 Nc6 20. Bxf6 Qxf6 21. b5
Ne7 22. Nxb7 Rd7 23. c6 Rdd8 24. Nxd8 Rxd8 25. Qa5 Nf5 26. Qxa7 d4 27. b6 Bd5
28. b7 Qe6 29. b8=Q Qxe3+ 30. Rf2 Re8 31. Rc2 Nh4 32. c7 1-0

[Event "Challenge"]
[Site "http://www.queenalice.com/game.php?id=1824224"]
[Date "2023.10.30"]
[Round "-"]
[White "TheWatcher"]
[Black "swabeyd"]
[Result "0-1"]
[WhiteElo "2119"]
[BlackElo "2442"]

1. e4 e6 2. d4 d5 3. Nc3 Nf6 4. Bd3 c5 5. e5 cxd4 6. Nce2 Nfd7 7. f4 Nc6 8. Nf3
Bc5 9. O-O f6 10. b4 Nxb4 11. Nfxd4 fxe5 12. fxe5 Nxe5 13. Kh1 Nbxd3 14. cxd3
Nf7 15. Nb3 Bd6 16. Nf4 O-O 17. Bb2 Bd7 18. Qe2 Qh4 19. g3 Qe7 20. Nd4 e5 21.
Nxd5 Qe8 22. Nf5 Bc6 23. Qg4 Bxd5+ 24. Kg1 g6 25. Rf2 Qe6 26. Re1 h5 27. Qh4
gxf5 28. Qxh5 Qh6 0-1

[Event "Challenge"]
[Site "http://www.queenalice.com/game.php?id=1824265"]
[Date "2023.10.31"]
[Round "-"]
[White "swabeyd"]
[Black "TheWatcher"]
[Result "1-0"]
[WhiteElo "2444"]
[BlackElo "2101"]

1. d4 Nf6 2. Nf3 c5 3. d5 b5 4. Bg5 Ne4 5. Bh4 g6 6. Nbd2 Nd6 7. Bg3 e6 8. e4
Qa5 9. a4 bxa4 10. Be5 Nxe4 11. Bxh8 exd5 12. Bd3 Bb7 13. O-O Na6 14. c4 Nb4 15.
cxd5 Nxd2 16. Re1+ Be7 17. d6 Nxf3+ 18. gxf3 O-O-O 19. Rxa4 Qb6 20. dxe7 Re8 21.
Bc3 Bc6 22. Bc4 d5 23. Bxb4 cxb4 24. Bxd5 1-0

[Event "Challenge"]
[Site "http://www.queenalice.com/game.php?id=1826877"]
[Date "2023.12.10"]
[Round "-"]
[White "TheWatcher"]
[Black "swabeyd"]
[Result "0-1"]
[WhiteElo "2097"]
[BlackElo "2446"]

1. e4 e6 2. d4 d5 3. Nc3 Nf6 4. Bg5 dxe4 5. Nxe4 Nbd7 6. f4 h6 7. Bh4 g5 8.
Nxf6+ Nxf6 9. fxg5 Ne4 10. Qd3 hxg5 11. Nf3 f5 12. Bf2 Bb4+ 13. c3 Bd6 14. Be3
Bg3+ 15. Kd1 Bd7 16. Kc2 Ba4+ 17. b3 Bc6 18. Qc4 Qe7 19. Bd3 Bd6 20. b4 Bd5 21.
Qb5+ c6 22. Qa4 g4 23. Ne5 a5 24. Ng6 Qg7 25. Nxh8 Nxc3 26. Qa3 Ne4 27. Rab1
Qxh8 28. h4 Kd7 29. Qb2 axb4 30. a4 Rxa4 31. Ra1 b3+ 32. Kd1 Qa8 33. Rxa4 Qxa4
34. Bxe4 Bxe4 35. d5 Be5 36. dxc6+ Kxc6 37. Qxe5 b2+ 0-1

[Event "Challenge"]
[Site "http://www.queenalice.com/game.php?id=1826878"]
[Date "2023.12.10"]
[Round "-"]
[White "swabeyd"]
[Black "TheWatcher"]
[Result "1-0"]
[WhiteElo "2445"]
[BlackElo "2099"]

1. d4 Nf6 2. Nf3 d5 3. c4 c6 4. cxd5 cxd5 5. Nc3 Nc6 6. Bf4 a6 7. e3 h6 8. Ne5
g5 9. Nxc6 bxc6 10. Be5 Rg8 11. Be2 g4 12. O-O Bf5 13. Qa4 Qd7 14. b4 Ne4 15.
Nxe4 dxe4 16. Rfc1 Rg6 17. Rc5 Qb7 18. Ra5 Bc8 19. Rc1 f6 20. Rxc6 Bd7 21. b5
axb5 22. Rxa8+ Kf7 23. Qb3+ Kg7 24. Rca6 Bf5 25. Bf4 h5 26. R6a7 1-0

[Event "Challenge"]
[Site "http://www.queenalice.com/game.php?id=1829494"]
[Date "2024.1.17"]
[Round "-"]
[White "TheWatcher"]
[Black "swabeyd"]
[Result "0-1"]
[WhiteElo "2095"]
[BlackElo "2447"]

1. d4 d5 2. Nf3 Nf6 3. c4 e6 4. Nc3 Bb4 5. Bg5 h6 6. Bd2 O-O 7. Qc2 c5 8. dxc5
d4 9. Nb5 Nc6 10. O-O-O e5 11. e3 a6 12. Bxb4 axb5 13. Be1 Rxa2 14. Kb1 Bf5 15.
Bd3 Qa8 16. Qb3 Ra1+ 17. Kc2 bxc4 18. Qxc4 e4 19. Kd2 exd3 20. Rc1 Qa5+ 21. Kd1
Rxc1+ 22. Qxc1 Qa4+ 23. Kd2 Qb4+ 24. Kd1 Qb3+ 0-1

[Event "Challenge"]
[Site "http://www.queenalice.com/game.php?id=1829495"]
[Date "2024.1.17"]
[Round "-"]
[White "swabeyd"]
[Black "TheWatcher"]
[Result "1-0"]
[WhiteElo "2448"]
[BlackElo "2093"]

1. d4 Nf6 2. Nf3 d5 3. e3 c5 4. Be2 Nc6 5. O-O Bf5 6. c4 g6 7. cxd5 Nxd5 8. dxc5
Bg7 9. Qb3 O-O 10. Rd1 e6 11. Nbd2 g5 12. g3 Bg4 13. e4 Nf6 14. Nc4 Qc7 15. e5
Nd7 16. Bxg5 Nxc5 17. Qe3 Nb4 18. Bf6 h6 19. Rac1 Nd7 20. Bxg7 Kxg7 21. Rd4 f5
22. exf6+ Nxf6 23. Nce5 Nc2 24. Nxg4 Nxg4 25. Rxg4+ 1-0

[Event "Challenge"]
[Site "http://www.queenalice.com/game.php?id=1830771"]
[Date "2024.2.4"]
[Round "-"]
[White "TheWatcher"]
[Black "swabeyd"]
[Result "0-1"]
[WhiteElo "2089"]
[BlackElo "2449"]

1. d4 d5 2. Nf3 e6 3. Bf4 c5 4. Nc3 Nf6 5. e3 a6 6. a3 b5 7. Ne5 Nbd7 8. Qf3
Nxe5 9. dxe5 Nd7 10. Qg3 g6 11. h4 Qa5 12. h5 g5 13. Bxg5 h6 14. Bh4 d4 15. f4
dxc3 16. b3 Be7 17. Qg7 Bxh4+ 18. Rxh4 Rf8 19. Qxh6 Bb7 20. Qg5 Be4 21. f5 Bxf5
22. e4 Bh7 23. Qg7 c4 24. Qxh7 cxb3 25. Rh1 b2 26. Rd1 O-O-O 27. Be2 Nf6 28. Qg7
Qb6 29. Qg3 Rxd1+ 30. Bxd1 b1=Q 31. Qxc3+ Kb7 32. exf6 Rd8 33. Qf3 Rxd1+ 34.
Qxd1 Qe3+ 0-1

[Event "Challenge"]
[Site "http://www.queenalice.com/game.php?id=1830772"]
[Date "2024.2.4"]
[Round "-"]
[White "swabeyd"]
[Black "TheWatcher"]
[Result "1-0"]
[WhiteElo "2450"]
[BlackElo "2087"]

1. d4 d5 2. Nf3 Nf6 3. e3 Bf5 4. c4 c6 5. Nc3 e6 6. Nh4 Bb4 7. Qb3 Bxc3+ 8. bxc3
O-O 9. Nxf5 exf5 10. Qxb7 Qa5 11. Qb4 Qc7 12. c5 Nbd7 13. Bd3 Rab8 14. Qa4 g6
15. O-O Rfe8 16. f3 Re6 17. e4 f4 18. Bd2 Nh5 19. exd5 cxd5 20. Rae1 Rbe8 21.
Bb5 Nhf6 22. c4 R8e7 23. Ba5 Qc8 24. Bxd7 Rxd7 25. Rxe6 fxe6 26. c6 Rf7 27. Rb1
dxc4 28. Qxc4 Nd5 29. c7 Nb6 30. Bxb6 axb6 31. Rc1 g5 32. Qb5 h6 33. Qxb6 Re7
34. Qd6 1-0

[Event "Challenge"]
[Site "http://www.queenalice.com/game.php?id=1832161"]
[Date "2024.2.23"]
[Round "-"]
[White "TheWatcher"]
[Black "swabeyd"]
[Result "0-1"]
[WhiteElo "2075"]
[BlackElo "2456"]

1. d4 d5 2. Nf3 e6 3. c4 Nf6 4. Nc3 c5 5. e3 Nc6 6. a3 dxc4 7. Bxc4 a6 8. Ba2 b5
9. O-O Be7 10. d5 exd5 11. Nxd5 Bf5 12. Nxf6+ Bxf6 13. Bd5 Rc8 14. a4 Nb4 15. e4
Nxd5 16. exd5 O-O 17. axb5 axb5 18. Re1 Re8 19. Rxe8+ Qxe8 20. Ra3 Qd7 21. Re3
Rd8 22. h3 h6 23. g4 Be6 24. Bd2 Qxd5 25. Qe1 b4 26. Re4 Bd7 27. Bf4 Bc6 28. Nd2
Bxb2 29. f3 Bc3 30. Re2 b3 31. Qb1 b2 32. Kh2 Ra8 33. Ne4 Ra1 0-1

[Event "Challenge"]
[Site "http://www.queenalice.com/game.php?id=1832162"]
[Date "2024.2.23"]
[Round "-"]
[White "swabeyd"]
[Black "TheWatcher"]
[Result "1-0"]
[WhiteElo "2451"]
[BlackElo "2085"]

1. d4 Nf6 2. Nf3 d5 3. e3 g6 4. c4 c6 5. Nc3 Bg7 6. Bd3 O-O 7. O-O Nbd7 8. cxd5
cxd5 9. Qb3 e6 10. Bd2 b6 11. Rac1 a6 12. Ne2 Ne4 13. Bb4 Re8 14. Nc3 Bb7 15.
Rfd1 Rc8 16. Bxe4 dxe4 17. Nd2 Nf6 18. Ba3 b5 19. Bc5 e5 20. Nc4 Ng4 21. h3 Nxf2
22. Kxf2 Qh4+ 23. Kg1 Bh6 24. Nxb5 Bd5 25. Nbd6 Be6 26. Qc2 Bd5 27. Qf2 Qxf2+
28. Kxf2 exd4 29. Bxd4 1-0

[Event "Challenge"]
[Site "http://www.queenalice.com/game.php?id=1832163"]
[Date "2024.2.23"]
[Round "-"]
[White "TheWatcher"]
[Black "swabeyd"]
[Result "0-1"]
[WhiteElo "2083"]
[BlackElo "2452"]

1. c4 e6 2. Nf3 d5 3. e3 Be7 4. b3 Nf6 5. Bb2 O-O 6. Be2 b6 7. Nc3 Bb7 8. O-O
dxc4 9. bxc4 c5 10. d4 cxd4 11. exd4 Nc6 12. a3 Na5 13. Qd3 Rc8 14. a4 Nxc4 15.
Bc1 h6 16. Rd1 Nd5 17. Na2 Bd6 18. Qb3 Na5 19. Qb1 Qf6 20. Bd3 Rfd8 21. Be4 Bc6
22. Re1 Bxa4 23. Bh7+ Kh8 24. Bd3 Nb3 25. Bc2 Rxc2 26. Qxc2 Nxd4 27. Qb2 Nxf3+
28. gxf3 Qg6+ 29. Kf1 Bxh2 30. Bd2 Nb4 31. Qxb4 Bb5+ 32. Qxb5 Rxd2 0-1

[Event "Challenge"]
[Site "http://www.queenalice.com/game.php?id=1832164"]
[Date "2024.2.23"]
[Round "-"]
[White "swabeyd"]
[Black "TheWatcher"]
[Result "1-0"]
[WhiteElo "2457"]
[BlackElo "2073"]

1. d4 Nf6 2. Nf3 d5 3. e3 Bf5 4. c4 c6 5. Nc3 e6 6. Nh4 Be4 7. f3 Bg6 8. Nxg6
hxg6 9. Bd2 Nh5 10. cxd5 Qh4+ 11. Ke2 exd5 12. Qb3 Qe7 13. Be1 g5 14. Kd2 Qb4
15. Qc2 Bd6 16. Rd1 Qa5 17. Kc1 Qc7 18. e4 Bf4+ 19. Kb1 Nd7 20. e5 O-O-O 21. Ne2
f6 22. g4 fxe5 23. gxh5 Rxh5 24. Nxf4 exf4 25. Bb4 a5 26. Bd2 Nf6 27. Qa4 b6 28.
Rc1 Rd6 29. b4 Rh6 30. bxa5 Nd7 31. Ba6+ Kd8 32. Bd3 c5 33. a6 Qa7 34. Rhe1 Rhe6
35. Bf5 Rf6 36. dxc5 Rc6 37. Bxd7 Kxd7 38. Bc3 Rg6 39. Rcd1 1-0

[Event "Challenge"]
[Site "http://www.queenalice.com/game.php?id=1832165"]
[Date "2024.2.23"]
[Round "-"]
[White "TheWatcher"]
[Black "swabeyd"]
[Result "0-1"]
[WhiteElo "2081"]
[BlackElo "2453"]

1. e4 e6 2. Nf3 d5 3. Nc3 d4 4. Nb5 c5 5. a4 Nc6 6. Na3 Nf6 7. d3 Bd6 8. Nc4 Bc7
9. Be2 h6 10. c3 e5 11. Bd2 Be6 12. Qc2 Bxc4 13. dxc4 Qe7 14. Nh4 O-O-O 15. O-O
d3 16. Bxd3 Qd7 17. f3 Qxd3 18. Qxd3 Rxd3 19. Be1 g6 20. Rb1 Na5 21. b3 Rhd8 22.
g3 R8d6 23. f4 Rb6 24. Nf3 exf4 25. e5 Ng4 26. gxf4 Rxb3 27. Rxb3 Nxb3 28. h4 b6
29. h5 gxh5 30. Kh1 Na5 31. Nd2 Rxc3 32. Nb1 Rc1 33. Na3 Nxc4 0-1

[Event "Challenge"]
[Site "http://www.queenalice.com/game.php?id=1832166"]
[Date "2024.2.23"]
[Round "-"]
[White "swabeyd"]
[Black "TheWatcher"]
[Result "1-0"]
[WhiteElo "2455"]
[BlackElo "2077"]

1. d4 Nf6 2. Nf3 b6 3. e3 Bb7 4. Bd3 g6 5. c4 Bg7 6. Nc3 e6 7. e4 d6 8. O-O Nbd7
9. h3 O-O 10. Re1 e5 11. d5 Nc5 12. Bc2 a5 13. a3 Bc8 14. Be3 Ne8 15. b4 Nb7 16.
Bg5 f6 17. Bd2 Qe7 18. Ba4 Nd8 19. Qe2 Nf7 20. Bb5 f5 21. exf5 gxf5 22. Bc6 Ra6
23. bxa5 Bh6 24. Bxh6 Nxh6 25. axb6 cxb6 26. Nd4 Ng7 27. f4 e4 28. a4 Rf6 29.
Reb1 Rf8 30. Ne6 Rf7 31. Qf2 Bxe6 32. dxe6 Nxe6 33. Nd5 Qa7 34. Nb4 Ra5 35. Bd5
Rxd5 36. Nxd5 Rf8 37. a5 Qg7 38. axb6 Nd4 39. b7 Nc6 40. Ra8 1-0

[Event "Challenge"]
[Site "http://www.queenalice.com/game.php?id=1832167"]
[Date "2024.2.23"]
[Round "-"]
[White "swabeyd"]
[Black "TheWatcher"]
[Result "1-0"]
[WhiteElo "2454"]
[BlackElo "2079"]

1. d4 Nf6 2. Nf3 d6 3. e3 Bf5 4. c4 Nc6 5. d5 Nb8 6. Be2 h6 7. O-O Nbd7 8. Nd4
Bh7 9. b4 g5 10. a4 Bg7 11. a5 a6 12. Bb2 Qc8 13. Bd3 Bxd3 14. Qxd3 Ne5 15. Qc2
Qg4 16. Nf5 Bf8 17. Nd2 Rg8 18. Bxe5 dxe5 19. b5 e4 20. bxa6 Rxa6 21. Qb2 Qxf5
22. Qxb7 Bg7 23. Qb8+ Kd7 24. Qb5+ Kd8 25. Qxa6 e6 26. d6 Ne8 27. Rab1 Be5 28.
Rb8+ Kd7 29. Qc8+ Kxd6 30. c5+ Kc6 31. Rb6+ Kd5 32. Qa8+ 1-0

[Event "Challenge"]
[Site "http://www.queenalice.com/game.php?id=1836619"]
[Date "2024.5.11"]
[Round "-"]
[White "TheWatcher"]
[Black "swabeyd"]
[Result "0-1"]
[WhiteElo "2071"]
[BlackElo "2458"]

1. d4 d5 2. c4 e6 3. Nf3 Nf6 4. Nc3 c5 5. cxd5 cxd4 6. Qxd4 exd5 7. e4 dxe4 8.
Bb5+ Bd7 9. O-O exf3 10. Re1+ Be7 11. Bg5 O-O 12. Rad1 Bxb5 13. Qh4 Bd7 14. gxf3
Kh8 15. Kh1 Nc6 16. f4 Nd4 17. Rxd4 Bc6+ 18. Nd5 Nxd5 19. f3 f6 20. Rxe7 Qxe7
21. Re4 Qd6 22. f5 fxg5 23. Qxg5 Nf6 24. Rf4 Rfe8 0-1

[Event "Challenge"]
[Site "http://www.queenalice.com/game.php?id=1836620"]
[Date "2024.5.11"]
[Round "-"]
[White "swabeyd"]
[Black "TheWatcher"]
[Result "1-0"]
[WhiteElo "2459"]
[BlackElo "2069"]

1. d4 Nf6 2. Nf3 e6 3. c4 d5 4. g3 c6 5. Bg2 Nbd7 6. Nbd2 Be7 7. O-O O-O 8. Qc2
b6 9. e4 Bb7 10. e5 Ne8 11. cxd5 cxd5 12. Re1 f5 13. exf6 Rxf6 14. h4 Nf8 15.
Ne5 Rc8 16. Qd3 Rc7 17. Ndf3 h6 18. Ng4 Rf5 19. Bxh6 Rxf3 20. Bxf3 gxh6 21. Rxe6
Nf6 22. Nxh6+ Kg7 23. Nf5+ Kh8 24. Rxe7 Rxe7 25. Nxe7 Qxe7 26. Rc1 Ne4 27. Bg4
Nh7 28. Qf3 Nhf6 29. Qf4 Nd6 30. Qe5 Qd8 31. Be6 Ne8 32. Bf7 Nd6 33. Rc7 Bc8 34.
h5 Ne4 35. f3 Nd2 36. Rxc8 Nxf3+ 37. Kg2 Kg7 38. Rxd8 Nxe5 39. dxe5 1-0

[Event "Challenge"]
[Site "http://www.queenalice.com/game.php?id=1838433"]
[Date "2024.6.10"]
[Round "-"]
[White "TheWatcher"]
[Black "swabeyd"]
[Result "0-1"]
[WhiteElo "2065"]
[BlackElo "2461"]

1. d4 d5 2. Nf3 e6 3. Bf4 Nf6 4. e3 c5 5. c3 Bd6 6. Bb5+ Nc6 7. Bxc6+ bxc6 8.
Bg5 cxd4 9. Nxd4 c5 10. Nb5 Be7 11. Nd2 O-O 12. O-O Qb6 13. c4 Rd8 14. Qc2 d4
15. e4 a6 16. e5 axb5 17. exf6 gxf6 18. Bh6 Kh8 19. cxb5 Qxb5 20. a4 Qc6 21. b3
e5 22. Nc4 Qe6 23. f4 Rg8 24. f5 Qc6 25. h4 Bb7 26. Bg5 fxg5 27. Nxe5 Qd5 28.
Rae1 Bf6 29. Nf3 gxh4 30. Kh2 Qd6+ 0-1

[Event "Challenge"]
[Site "http://www.queenalice.com/game.php?id=1838434"]
[Date "2024.6.10"]
[Round "-"]
[White "swabeyd"]
[Black "TheWatcher"]
[Result "1-0"]
[WhiteElo "2460"]
[BlackElo "2067"]

1. d4 Nf6 2. Nf3 e6 3. e3 b6 4. Bd3 Bb7 5. O-O Be7 6. c4 Na6 7. Nc3 Nb4 8. Be2
a5 9. a3 Na6 10. Bd3 c5 11. e4 cxd4 12. Nxd4 O-O 13. Bc2 Rc8 14. e5 Ne8 15. Qe2
g6 16. Bh6 Ng7 17. Rad1 Re8 18. g4 Qc7 19. Ndb5 Qb8 20. Be4 Rc5 21. Qf3 Bc6 22.
Bxc6 dxc6 23. Nd6 Rf8 24. Nce4 Rxe5 25. Nf6+ Kh8 26. Nd7 1-0

[Event "Challenge"]
[Site "http://www.queenalice.com/game.php?id=1839617"]
[Date "2024.7.3"]
[Round "-"]
[White "TheWatcher"]
[Black "swabeyd"]
[Result "0-1"]
[WhiteElo "2063"]
[BlackElo "2462"]

1. d4 d5 2. c4 e6 3. Nf3 Nf6 4. cxd5 exd5 5. Bg5 h6 6. Bh4 g5 7. Bg3 Ne4 8. e3
h5 9. h4 Nxg3 10. fxg3 g4 11. Ne5 Bd6 12. Bd3 Nd7 13. Nc3 Nxe5 14. dxe5 Bxe5 15.
Ne2 Qf6 16. Qb3 Qb6 17. Qxd5 Qxe3 18. Bb5+ Ke7 19. Qb3 Bxg3+ 20. Kd1 Rd8+ 21.
Kc2 Bf5+ 0-1

[Event "Challenge"]
[Site "http://www.queenalice.com/game.php?id=1839618"]
[Date "2024.7.3"]
[Round "-"]
[White "swabeyd"]
[Black "TheWatcher"]
[Result "1-0"]
[WhiteElo "2463"]
[BlackElo "2061"]

1. d4 Nf6 2. c4 e6 3. Nf3 b6 4. g3 Bb4+ 5. Bd2 a5 6. Bg2 Bb7 7. O-O O-O 8. Bf4
Re8 9. c5 a4 10. a3 Ba5 11. Qxa4 Bd2 12. Qc2 Bxf4 13. gxf4 Be4 14. Qd1 d6 15.
Nc3 Bb7 16. cxb6 cxb6 17. Rc1 Ra5 18. e3 Rh5 19. Ng5 Bxg2 20. Kxg2 Rh6 21. h3
Qe7 22. Nb5 e5 23. dxe5 dxe5 24. Nd6 Rf8 25. Nf5 Qb7+ 26. Qf3 e4 27. Qd1 Rg6 28.
Qd6 Nd5 29. Qxd5 Qxd5 30. Ne7+ Kh8 31. Nxd5 Nc6 32. Kh2 f5 33. Nxb6 Rd6 34. Rfd1
1-0

[Event "Challenge"]
[Site "http://www.queenalice.com/game.php?id=1848745"]
[Date "2024.12.14"]
[Round "-"]
[White "TheWatcher"]
[Black "swabeyd"]
[Result "0-1"]
[WhiteElo "2059"]
[BlackElo "2464"]

1. e4 e6 2. Nf3 d5 3. e5 c5 4. c3 d4 5. d3 Nc6 6. Be2 Nge7 7. cxd4 cxd4 8. Nbd2
Ng6 9. Qa4 Be7 10. O-O a6 11. a3 b5 12. Qd1 Bb7 13. b4 O-O 14. Bb2 Ncxe5 15.
Nxe5 Nxe5 16. f4 Qd5 17. Nf3 Ng6 18. Rf2 Nxf4 19. Bf1 Bf6 20. g3 Ng6 21. Bg2 Qd7
22. Qe2 Rac8 23. Raf1 Bxf3 24. Bxf3 Bg5 25. Kh1 Be3 26. Rg2 Ne5 27. Bh5 Qd5 28.
h4 f5 29. Kh2 f4 30. gxf4 Bxf4+ 31. Kh3 Be3 32. Bg4 Rxf1 33. Qxf1 Nxg4 34. Rxg4
Rf8 0-1